Statistics for Landlocked countries bordering precisely one landlocked country

Click here to take the quiz!

General Stats

  • This quiz has been taken 125 times
  • The average score is 6 of 7

Answer Stats

Country #1Country #2% Correct
BoliviaParaguay
99%
ParaguayBolivia
98%
AzerbaijanArmenia
97%
ArmeniaAzerbaijan
96%
RwandaBurundi
92%
ZambiaMalawi
82%
South SudanEthiopia
81%

Score Distribution

Percentile by Number Answered

Percent of People with Each Score

Your Score History

You have not taken this quiz